[Event "Reykjavik op"]
[Site "Reykjavik"]
[Date "1988.??.??"]
[Round "?"]
[White "Hermansson, Tomas"]
[Black "Arnason, Asgeir Thor"]
[Result "0-1"]
[WhiteElo "1975"]
[BlackElo "2300"]
[PlyCount "112"]
[EventDate "1988.02.??"]
[EventType "swiss"]
[EventRounds "11"]
[EventCountry "ISL"]
[SourceTitle "TD"]
[Source "ChessBase"]
[SourceDate "1994.03.01"]
[SourceVersion "1"]
[SourceVersionDate "1994.03.01"]
[SourceQuality "1"]

1. d4 Nf6 2. c4 g6 3. Nc3 Bg7 4. e4 d6 5. Nge2 0-0 6. Ng3 e5 7. d5 c5 8. Be2 Ne8 9. h4 h5 10. Bg5 Bf6 11. Qd2 Bxg5 12. hxg5 f6 13. gxf6 Qxf6 14. Bf3 Qf4 15. Nge2 Qxd2+ 16. Kxd2 a6 17. a4 Nd7 18. a5 Ndf6 19. Nc1 Rb8 20. Nd3 b6 21. axb6 Rxb6 22. Rhb1 g5 23. b4 cxb4 24. Rxb4 Rxb4 25. Nxb4 g4 26. Be2 Nd7 27. f3 Nc5 28. Ke3 h4 29. Nc6 Bd7 30. fxg4 Rf4 31. Ne7+ Kf7 32. Nf5 Bxf5 33. gxf5 Nf6 34. Bf3 Ng4+ 35. Ke2 Nf6 36. Ke3 Ng4+ 37. Ke2 Nb3 38. Rf1 h3 39. gxh3 Nd4+ 40. Kd2 Nxf3+ 41. Rxf3 Rxf3 42. hxg4 Rg3 43. g5 Rxg5 44. c5 dxc5 45. Na4 Ke7 46. Nxc5 a5 47. Kd3 Rg1 48. d6+ Kxd6 49. Nb7+ Kc6 50. Nxa5+ Kb5 51. Nc4 Rg3+ 52. Ne3 Kc5 53. Ke2 Kd4 54. Nf1 Ra3 55. Nd2 Ra2 56. f6 Kc3 0-1

[Event "Reykjavik op"]
[Site "Reykjavik"]
[Date "1988.??.??"]
[Round "?"]
[White "Jonasson, Benedikt"]
[Black "Hermansson, Tomas"]
[Result "1/2-1/2"]
[WhiteElo "2345"]
[BlackElo "1975"]
[PlyCount "46"]
[EventDate "1988.02.??"]
[EventType "swiss"]
[EventRounds "11"]
[EventCountry "ISL"]
[SourceTitle "TD"]
[Source "ChessBase"]
[SourceDate "1994.03.01"]
[SourceVersion "1"]
[SourceVersionDate "1994.03.01"]
[SourceQuality "1"]

1. e4 c5 2. Nf3 Nc6 3. d4 cxd4 4. Nxd4 Nf6 5. Nc3 d6 6. Be3 e5 7. Nf3 h6 8. Bc4 Be7 9. 0-0 0-0 10. Qe2 Be6 11. Nd2 d5 12. exd5 Nxd5 13. Nxd5 Bxd5 14. Rad1 Bxc4 15. Nxc4 Qc7 16. c3 Rad8 17. Rxd8 Rxd8 18. f4 b5 19. Nd2 exf4 20. Bxf4 Bd6 21. Bxd6 Qxd6 22. Qxb5 Qxd2 23. Qxc6 Qxb2 1/2-1/2

[Event "Reykjavik op"]
[Site "Reykjavik"]
[Date "1988.??.??"]
[Round "?"]
[White "Olafsson, David"]
[Black "Hermansson, Tomas"]
[Result "1-0"]
[WhiteElo "2285"]
[BlackElo "1975"]
[PlyCount "55"]
[EventDate "1988.02.??"]
[EventType "swiss"]
[EventRounds "11"]
[EventCountry "ISL"]
[SourceTitle "TD"]
[Source "ChessBase"]
[SourceDate "1994.03.01"]
[SourceVersion "1"]
[SourceVersionDate "1994.03.01"]
[SourceQuality "1"]

1. e4 c5 2. Nf3 Nc6 3. d4 cxd4 4. Nxd4 Nf6 5. Nc3 d6 6. Bg5 e6 7. Qd2 Be7 8. 0-0-0 0-0 9. Nb3 a5 10. Bxf6 Bxf6 11. Qxd6 Bxc3 12. Qxd8 Bxb2+ 13. Kxb2 Rxd8 14. Rxd8+ Nxd8 15. Bb5 e5 16. Rd1 Ne6 17. Rd5 b6 18. Rxe5 Bb7 19. Bc4 a4 20. Bxe6 fxe6 21. Nd4 Re8 22. f3 Ba6 23. Rxe6 Rxe6 24. Nxe6 Kf7 25. Nd4 Bc4 26. Ka3 g5 27. Kxa4 Bxa2 28. Kb4 1-0